000 01576cab a22002655a 4500
001 L139702
008 070806s2007 xxk f 000 0 eng d
035 _a(Sirsi) u139702
041 0 _aeng
050 0 4 _a696.9 $2 18
110 2 _aEnglish Heritage
_92714
245 0 0 _aEnglish Heritage interim guidance
_bHome Information Packs
_badvice for Domestic Energy Assessors
_h[electronic resource]
260 _aSwindon
_bEnglish Heritage
_c2007
520 _aInterim guidance note for Domestic Energy Assessors (DEAs) who are producing Energy Performance Certificates (EPCs) for historic or traditional homes. When making recommendations for improvement to this type of residence DEAs should consider additional factors. These include the compatibility of materials with the building fabric, statutory protection or the conservation of historic interest, and the possibility of costs escalating beyond those suggested by the EPC. Includes a general guide to the suitability of various types of improvement.
590 _aKA
650 2 4 _aHOUSING ACT 2004 PART V
650 2 4 _aHOME INFORMATION PACKS
650 2 4 _aRESIDENTIAL ENERGY PERFORMANCE CERTIFICATES
650 2 4 _aGREEN BUILDINGS
651 4 _aUnited Kingdom
_y
690 _aPROPERTY-RESIDENTIAL PROPERTY-ACQUISITION AND DISPOSAL OF RESIDENTIAL PROPERTY-HOME BUYING REFORM
690 _aENVIRONMENTAL AND LAND CONSULTANCY-ENERGY-ENERGY USE-ENERGY EFFICIENCY
856 4 0 _uhttps://www.english-heritage.org.uk/server/show/nav.17655
_zView the item free of charge at www.english-heritage.org.uk...
942 _n0
999 _c107333
_d107333